| 000 | 00717nam a22002777a 4500 | ||
|---|---|---|---|
| 001 | BR6900151 | ||
| 003 | BR-BrBNA | ||
| 005 | 20230928083532.0 | ||
| 007 | ta | ||
| 008 | 230509b bl.||||| |||| 00| 0 por d | ||
| 040 |
_aBR-BrBNA _bpor _cBiblioteca Nacional de Agricultura |
||
| 041 | _a(Por) | ||
| 072 |
_aL00 _b5212 _b9700 |
||
| 090 | _ 5212 BR6900151 | ||
| 100 | 1 | _aAnon. | |
| 245 | 1 | _aGuia de sucesso para o empreendimento pecuario na producao de carne bovina de qualidade | |
| 260 | 3 |
_a[np](Brasil): _c1969. |
|
| 300 | _a7 p. | ||
| 650 | _aProducao animal | ||
| 650 | _aBovino | ||
| 650 | _aCarne | ||
| 650 | _aEngorda | ||
| 650 | _aCriacao | ||
| 909 |
_a202309 _bLucia _c55 _dLucia Elande |
||
| 942 | _cBK | ||
| 999 |
_c14024 _d14024 |
||